| 000 | 00793cam a22002893a 4500 | ||
|---|---|---|---|
| 001 | 18291 | ||
| 003 | PGUSA | ||
| 005 | 20140828083405.0 | ||
| 008 | 060430s2006||||xxu|||||s|||||000 1 eng d | ||
| 040 |
_aPGUSA _beng |
||
| 042 | _adc | ||
| 050 | 4 | _aPT | |
| 100 | 1 |
_aHamsun, Knut, _d1859-1952 |
|
| 245 | 1 | 0 |
_aHunger : _bBook One _h[electronic resource] / _cKnut Hamsun |
| 260 |
_bProject Gutenberg, _c2006 |
||
| 506 | _aPublic domain in the USA. | ||
| 516 | _aElectronic text | ||
| 653 | _aUrban poor -- Fiction | ||
| 653 | _aNorway -- Fiction | ||
| 653 | _aAuthors -- Fiction | ||
| 653 | _aStarvation -- Fiction | ||
| 653 | _aHunger -- Fiction | ||
| 700 | 1 | _aSegal, Elhanan | |
| 830 | 0 |
_aProject Gutenberg _v18291 |
|
| 856 | 4 | 0 | _uhttp://www.gutenberg.org/ebooks/18291 |
| 942 | _cEB | ||
| 999 |
_c247546 _d247546 |
||